000 00375nam a22001577a 4500
003 OSt
005 20211223102238.0
008 211223b |||||||| |||| 00| 0 eng d
020 _a047149769X
040 _cHU
082 _a004.6
100 _aMikalsen Arne
_924566
245 _aLocal Area Network Management Design and Security
300 _f444
942 _2ddc
_cBOOKS
_n0
999 _c23671
_d23671